000 00502nam a22001697a 4500
005 20240816062858.0
008 240816b |||||||| |||| 00| 0 eng d
020 _a0406036624
041 _aEnglish
082 _a349 SOU
100 _lEnglish
245 _aThe England Law Reports: Annual Review 1993
260 _aLondon:
_bButterworths and Publishers (Pty) Ltd,
_c1994
300 _bxxxiv, 483 pages;
_c25 cm.
650 _aLegal practice
_bLaw
942 _cBK
_6ALISON_BN_VRIES
999 _c2578
_d2578